000 00586nam a2200181Ia 4500
008 090123s9999 xx 000 0 und d
082 _b27232
_a891.463/गुजर
100 _aगुजर अनिल
245 _aपैसा पाहिजे पैसा
250 _a1
260 _bनिशीगंध प्रकाशन
_c1997
300 _a242
600 _aगुजर अनिल
630 _aपैसा पाहिजे पैसा
700 _aगुजर अनिल
730 _aपैसा पाहिजे पैसा
942 _cBOOK
999 _c65514
_d65514